Les brawlers qui ont le plus de skin - Statistiques

Statistiques générales
  • Ce quiz a été pris 51 fois
  • Le résultat moyen est 10 sur 34
Statistiques - réponses
Nombre de skin Brawler % Correct
24 Colt
81%
19 Shelly
77%
25 Dynamike
58%
23 Brock
54%
15 Bull
54%
13 Nita
54%
21 Mortis
50%
11 Spike
50%
16 Edgar
46%
20 El costo
46%
12 Léon
46%
12 Corbac
35%
12 Jessie
35%
17 Bo
31%
11 Poco
31%
12 Carl
27%
15 Frank
27%
11 Polly
27%
10 Tara
27%
11 Penny
23%
15 Ricochet
23%
12 Tick
23%
12 Colette
19%
13 Darryl
19%
12 Surge
19%
16 Billie
15%
15 Kit
12%
10 Max
12%
11 Émeri
8%
10 Squeak
8%
16 Buzz
4%
11 Bataba
0%
11 Fang
0%
11 Lola
0%
Aucun quiz correspondant
Distribution des résultats
% des personnes avec chaque résultat
Percentile par nombre de réponses
Votre historique - résultats
Vous n’avez pas pris ce quiz